Statystyki dla Strzelcy bramek w 1/8 finału Euro 2021.

Kliknij tutaj aby rozwiązać quiz!

Ogólne statystyki

  • Ten quiz został rozwiązany 119 razy
  • Średni wynik to 17 z 29

Statystyki odpowiedzi

MeczPiłkarz% Poprawnych
Francja - Szwajcaria 2:1Benzema
89%
Francja - Szwajcaria 1:1Benzema
89%
Anglia - Niemcy 2:0Kane
88%
Francja - Szwajcaria 3:1Pogba
88%
Chorwacja - Hiszpania 3:4Morata
84%
Włochy - Austria 1:0Chiesa
79%
Holandia - Czechy 0:2Schick
79%
Belgia - Portugalia 1:0Hazard
76%
Anglia - Niemcy 1:0Sterling
75%
Chorwacja - Hiszpania 1:0 (Bramka Samobójcza)Pedri
72%
Francja - Szwajcaria 0:1Seferovic
72%
Francja - Szwajcaria 3:2Seferovic
72%
Walia - Dania 0:2Dolberg
66%
Walia - Dania 0:1Dolberg
66%
Szwecja - Ukraina 0:1Zinchenko
65%
Szwecja - Ukraina 1:1Forsberg
63%
Chorwacja - Hiszpania 1:3Torres
60%
Walia - Dania 0:3Maehle
51%
Walia - Dania 0:4Braithwaite
45%
Chorwacja - Hiszpania 3:5Oyarzabal
44%
Francja - Szwajcaria 3:3Gavranovic
43%
Chorwacja - Hiszpania 1:1Sarabia
39%
Chorwacja - Hiszpania 2:3Orsic
38%
Chorwacja - Hiszpania 1:2Azpilicueta
37%
Chorwacja - Hiszpania 3:3Pasalic
35%
Szwecja - Ukraina 1:2Dovbyk
34%
Włochy - Austria 2:0Pessina
33%
Włochy - Austria 2:1Kalajdzic
26%
Holandia - Czechy 0:1Holes
20%

Rozkład punktacji

Percentyl według liczby udzielonych odpowiedzi

Procent ludzi z każdym wynikiem

Twoja historia wyników

Nie rozwiązałeś tego quizu